00867cam a2200229 a 450000100100000000500170001000800410002704000290006808200180009710000610011524500370017626000430021330000210025649000490027765000310032665000480035783000560040591000280046104900090048995201220049899900170062000001826420200929165428.0760809s1944 nyu 000 f eng d aDO-SdBNPbengcLCdBNPHU a813.54bB922g1 aBuck, Pearl S.q(Pearl Sydenstricker),d1892-197391158814aThe good earth /cPearl S. Buck. aNew York :bThe Modern Library,c1944. a374 p. ;c17 cm.1 aThe Modern Library of the World's Best Books 4aNovela estadounidense9262 4aLoiteratura estadounidenseySIGLO XX939557 0aThe Modern Library of the World's Best Books939558 aCatalogación derivada aBNGR 001054708MOaGRbGRcCTd2010-04-22iLF1l0o813.54 B922gp18264-10r2020-06-25w2020-06-25y4ZPréstamo en sala c17785d17785